Представление документа в формате RUSMARC

ПолеНазваниеЗначение
  Тип записи a
  Библиографический уровень a
001 Контрольный номер RU/CBS_Ul/BASE/502306142
005 Дата корректировки 20240209175153.5
100 Данные общей обработки __
a Данные общей обработки 20151201d2015 ||| 0rusy0189 ca
101 Язык документа 0_
a Язык текста rus
102 Страна публикации __
a Страна публикации RU
105 Кодированные данные (монография) __
a Кодированные данные (монография) y###||||000|y
200 Заглавие и сведения об ответственности 1_
a Заглавие Приказ генерала Хлебникова
b Общее обозначение материала Текст
e Сведения, относящиеся к заглавию [участник Парада Победы, восстановивший 17 мая 1945 справедливость к боевым побратимам]
f Первые сведения об ответственности С. Экштут
300 Общие примечания __
a Общие примечания Ограничения по возрасту - 12+
320 Библиография __
a Библиография Библиогр.: с. 49
461 Уровень набора _0
1 2000
a Родина
463 Уровень физической единицы _0
1 001RU/CBS_Ul/BASE/501693201
1 2000
a № 6
v С. 46-49 : фото
1 210
d 2015
600 Персоналии _0
a Персоналии (Фамилия) Хлебников
b Персоналии (Имя, инициалы) Н.М.
606 Тематические рубрики 0_
a Основная рубрика Парад Победы (1945; Москва, город) - Участники
610 Ключевые слова 0_
a Ключевые слова генералы
a Ключевые слова офицеры
a Ключевые слова солдаты
a Ключевые слова участники ВОВ
a Ключевые слова герои ВОВ
a Ключевые слова ВОВ
a Ключевые слова Великая Отечественная война
610 Ключевые слова 0_
a Ключевые слова Парад Победы
610 Ключевые слова 0_
a Ключевые слова участники Парада Победы
686 Индексы других классификаций __
a Классификационный индекс 63.3(2)622.78
2 Код системы ББК
686 Индексы других классификаций __
a Классификационный индекс 63.3(2)622.13
2 Код системы ББК
700 Автор _1
a Фамилия Экштут
b Имя (инициалы) С.
801 Источник записи _0
a Страна RU
b Организация МБУК ЦБС г. Ульяновска
c Дата составления 20151201
g Правила каталогизации RCR
801 Источник записи _1
a Страна RU
b Организация МБУК ЦБС г. Ульяновска
c Дата составления 20151201
g Правила каталогизации RCR
901 Тип документа __
t Тип документа b
w Контрольный № источника RU/CBS_Ul/BASE/501693201
910 Корректоры записи __
a Корректор записи Асеева
938 Служебная информация __
a Имя БД period